000 00957nam0a22002651 4500
001 rc\4939823
005 20250612211021.0
021 _aRU
_bРг7109-60
035 _a(NLR Aleph) 008851196
090 _a8401571
_c8401571
100 _a20130426d1960 |||y0rusy50 ca
101 0 _arus
102 _aRU
105 _ay z |||||
200 1 _aОбъединим усилия в борьбе с дизентерией!
_fЦентр. науч.-исслед. ин-т сан. просвещения М-ва здрав. СССР
210 _aМосква
_cБ. и.
_d1960
215 _a6 с.
_d20
225 1 _aБеседа по радио
300 _aПеред загл. авт.: д-р биол. наук Р.В. Эпштейн-Литвак
700 1 _aЭпштейн-Литвак
_bР.В.
_f1901-
_gРахиль Вениаминовна
801 0 _aRU
_bNLR
_gpsbo
801 1 _aRU
_bELAR
_2rusmarc
852 _aNLR
_j60-4/10735
942 _cBOOK
980 _aNB